Statistics for Eurovision - Belgium given 12 points

Click here to take the quiz!

General Stats

  • This quiz has been taken 274 times
  • The average score is 43 of 48

Answer Stats

YearCountry% Correct
1998 | 1999 | 2004 Semifinal | +3 othersThe Netherlands
98%
2011 FinalFrance
98%
2011 Semifinal | 2012 FinalSweden
98%
1976 | 1977 | 1988 | +4 othersUnited Kingdom
98%
1979 | 1995 | 2002Spain
94%
1985Norway
94%
1989 | 2014 FinalAustria
93%
2012 SemifinalRussia
92%
1975 | 1980 | 1984 | 1987Ireland
92%
1981Denmark
90%
2005 Final | 2010 FinalGreece
89%
2003 | 2004 Final | 2007 Final | +3 othersTurkey
88%
1982 | 1986 | 1991Switzerland
87%
2000Latvia
78%
1978Israel
76%
2010 SemifinalIceland
70%
2006 Final | 2006 Semifinal | 2008 Final | 2008 SemifinalArmenia
67%
2014 SemifinalHungary
66%
1983Yugoslavia
59%

Score Distribution

Percentile by Number Answered

Percent of People with Each Score

Your Score History

You have not taken this quiz